[Event "World Youth U16 Olympiad"]
[Site "Gyor HUN"]
[Date "2014.12.15"]
[Round "4.5"]
[Board "4"]
[White "Lorparizangeneh, Shahin"]
[Black "Krstulovic, Alex"]
[Result "1-0"]
[WhiteTitle "FM"]
[BlackTitle "FM"]
[WhiteElo "2340"]
[BlackElo "2099"]
[WhiteTeam "Iran"]
[BlackTeam "Hungary 3"]
[WhiteFideId "12521604"]
[BlackFideId "760056"]
[EventDate "2014.12.13"]
[EventType "team"]

1. Nf3 Nf6 2. c4 c6 3. d4 d5 4. Qc2 g6 5. Bf4 Bf5 6. Qb3 Qb6 7. e3 Nbd7 8. h3
Bg7 9. Nc3 O-O 10. Be2 Qxb3 11. axb3 h6 12. O-O g5 13. Bh2 a6 14. Rfc1 Rac8 15.
Nd2 Rfe8 16. cxd5 cxd5 17. b4 Nb6 18. Nb3 Nc4 19. Ra2 Rc6 20. Nc5 Rec8 21. Bxc4
dxc4 22. e4 Bg6 23. e5 Ne8 24. Nd5 Bf8 25. Ne3 e6 26. f4 gxf4 27. Bxf4 Rd8 28.
Nxc4 Rxd4 29. Be3 Bxc5 30. bxc5 Re4 31. b4 Kh7 32. Rd2 Nc7 33. Rd7 Nd5 34. Bd2
Rc7 35. Rd8 Rd4 36. Be1 Rd3 37. Nd6 Nf4 38. Kh2 Be4 39. Rc4 1-0

[Event "World Youth U16 Olympiad"]
[Site "Gyor HUN"]
[Date "2014.12.15"]
[Round "4.6"]
[Board "1"]
[White "Thybo, Jesper Sondergaard"]
[Black "Drakoulakos, Grigorios"]
[Result "1-0"]
[WhiteTitle "FM"]
[WhiteElo "2255"]
[BlackElo "2334"]
[WhiteTeam "Denmark"]
[BlackTeam "Greece"]
[WhiteFideId "1438832"]
[BlackFideId "4264541"]
[EventDate "2014.12.13"]
[EventType "team"]

1. e4 c5 2. Nf3 e6 3. d4 cxd4 4. Nxd4 Nc6 5. Nc3 Qc7 6. Be3 a6 7. Be2 Nf6 8. O-O
Bb4 9. Na4 Be7 10. Nxc6 bxc6 11. Nb6 Rb8 12. Nxc8 Qxc8 13. Bd4 c5 14. Be5 Rb6
15. b3 d6 16. Bb2 O-O 17. Qd3 Nd7 18. Rad1 Bf6 19. Bc1 Ne5 20. Qh3 Ng6 21. Be3
Rd8 22. f4 Rb4 23. Bc4 Rb8 24. Rf2 Qb7 25. Bd3 Bd4 26. Bxd4 cxd4 27. f5 Nf8 28.
Rdf1 exf5 29. Qxf5 f6 30. Qa5 Kh8 31. Qxa6 Qxa6 32. Bxa6 Ra8 33. Bc4 Rxa2 34.
Rd1 Ng6 35. Rxd4 Ne5 36. Rfd2 h6 37. Be6 Kh7 38. Kf2 Kg6 39. Rb4 Rxc2 40. Bf5+
Kg5 41. Rxc2 Nd3+ 42. Kg3 Nxb4 43. Rc7 Rg8 44. Be6 1-0

[Event "World Youth U16 Olympiad"]
[Site "Gyor HUN"]
[Date "2014.12.15"]
[Round "4.6"]
[Board "2"]
[White "Kourkoulos-Arditis, Stamatis"]
[Black "Bjerre, Jonas"]
[Result "1/2-1/2"]
[WhiteTitle "FM"]
[WhiteElo "2294"]
[BlackElo "2073"]
[WhiteTeam "Greece"]
[BlackTeam "Denmark"]
[WhiteFideId "4221990"]
[BlackFideId "1444948"]
[EventDate "2014.12.13"]
[EventType "team"]

1. c4 e5 2. g3 Nf6 3. Bg2 c6 4. d4 Bb4+ 5. Bd2 Bxd2+ 6. Qxd2 d6 7. Nc3 O-O 8.
dxe5 dxe5 9. Qxd8 Rxd8 10. Nf3 Re8 11. O-O-O Na6 12. Nd2 Be6 13. b3 Kf8 14. Nde4
Nxe4 15. Nxe4 Rad8 16. Nd6 Re7 17. Rd2 f6 18. Rhd1 h6 19. Kb2 Red7 20. Kc3 Rb8
21. b4 Nc7 22. a3 Ke7 23. f4 Ne8 24. Ne4 Rbd8 25. Rxd7+ Rxd7 26. Rxd7+ Bxd7 27.
a4 Nd6 28. Nc5 Bg4 29. Kd3 Bf5+ 30. Kc3 Bg4 31. e3 Be2 32. Nd3 e4 33. Nc5 f5 34.
Bh3 g6 35. a5 b6 36. Nb3 Bxc4 37. Nd4 Bd5 38. Bf1 bxa5 39. bxa5 c5 40. Nb5 Nxb5+
41. Bxb5 Bf7 42. h4 h5 43. Ba4 1/2-1/2

[Event "World Youth U16 Olympiad"]
[Site "Gyor HUN"]
[Date "2014.12.15"]
[Round "4.6"]
[Board "3"]
[White "Moller, Sophus Mechlenburg"]
[Black "Tsiros, Fragkiskos Vlasios"]
[Result "1-0"]
[WhiteElo "2133"]
[BlackElo "2147"]
[WhiteTeam "Denmark"]
[BlackTeam "Greece"]
[WhiteFideId "1439090"]
[BlackFideId "4228200"]
[EventDate "2014.12.13"]
[EventType "team"]

1. e4 c5 2. Nf3 d6 3. d4 cxd4 4. Nxd4 Nf6 5. Nc3 a6 6. Bg5 Nbd7 7. f4 Qc7 8. Qe2
e6 9. O-O-O Be7 10. g3 b5 11. Bg2 Bb7 12. e5 dxe5 13. fxe5 Nd5 14. Bxe7 Nxc3 15.
bxc3 Kxe7 16. Bxb7 Qxb7 17. Rhf1 Qc7 18. Qg4 Rhf8 19. Nxe6 Nxe5 20. Qxg7 1-0

[Event "World Youth U16 Olympiad"]
[Site "Gyor HUN"]
[Date "2014.12.15"]
[Round "4.6"]
[Board "4"]
[White "Tsolakidou, Stavroula"]
[Black "Jacobsen, Mikkel Manosri"]
[Result "1-0"]
[WhiteTitle "WFM"]
[WhiteElo "2290"]
[BlackElo "2167"]
[WhiteTeam "Greece"]
[BlackTeam "Denmark"]
[WhiteFideId "4264312"]
[BlackFideId "1444514"]
[EventDate "2014.12.13"]
[EventType "team"]

1. e4 c6 2. c4 d5 3. exd5 cxd5 4. cxd5 Nf6 5. Nc3 Nxd5 6. Nf3 Nc6 7. Bb5 a6 8.
Bc4 Nxc3 9. bxc3 e5 10. O-O Bd6 11. d4 O-O 12. Qd3 Qc7 13. Ng5 g6 14. Qg3 Nxd4
15. cxd4 Qxc4 16. Qh4 h5 17. Ne4 Qe6 18. Nf6+ Kg7 19. d5 Qf5 20. Ne4 Bc7 21. Qe7
Bd7 22. Ng3 Qg4 23. h3 Qd4 24. Qxd7 Rac8 25. Bg5 e4 26. Rad1 Qe5 27. Qe7 e3 28.
Qxe5+ Bxe5 29. Bxe3 1-0

[Event "World Youth U16 Olympiad"]
[Site "Gyor HUN"]
[Date "2014.12.15"]
[Round "4.7"]
[Board "1"]
[White "Jarmula, Lukasz"]
[Black "Bakalchuk, Johnatan"]
[Result "0-1"]
[WhiteTitle "FM"]
[BlackTitle "FM"]
[WhiteElo "2307"]
[BlackElo "2300"]
[WhiteTeam "Poland 1"]
[BlackTeam "Israel"]
[WhiteFideId "1160664"]
[BlackFideId "2810301"]
[EventDate "2014.12.13"]
[EventType "team"]

1. e4 c5 2. Nf3 g6 3. d4 cxd4 4. Qxd4 Nf6 5. Nc3 Nc6 6. Qa4 Ng4 7. h3 Nge5 8.
Nxe5 Nxe5 9. Be3 Bg7 10. Nd5 Nc6 11. Bb6 axb6 12. Qxa8 Bxb2 13. Rb1 Bd4 14. Bb5
e6 15. Bxc6 bxc6 16. c3 Bc5 17. Nf4 Qf6 18. O-O O-O 19. Nd3 Qxc3 20. Nxc5 Qxc5
21. Qa7 Qa5 22. Qxb6 Qa8 23. e5 Ba6 24. Rfd1 Bc4 25. Rxd7 Qxa2 26. Re1 Qa8 27.
Qd4 Bd5 28. Ra1 Qb8 29. Qf4 Qb2 30. Rc1 Qe2 31. Kh2 Qd3 32. Rc7 Qf5 33. Qe3 h5
34. Ra1 Rb8 35. Raa7 Rb3 36. Qd2 Rxh3+ 37. gxh3 Qf3 38. Ra8+ Kg7 39. Rxf7+ Kxf7
40. Ra7+ Ke8 41. Ra8+ Kd7 42. Ra7+ Kc8 43. Ra8+ Kb7 44. Qb4+ Kxa8 45. Qa5+ 0-1

[Event "World Youth U16 Olympiad"]
[Site "Gyor HUN"]
[Date "2014.12.15"]
[Round "4.7"]
[Board "2"]
[White "Zanan, Evgeny"]
[Black "Gumularz, Szymon"]
[Result "1/2-1/2"]
[WhiteTitle "FM"]
[WhiteElo "2300"]
[BlackElo "2241"]
[WhiteTeam "Israel"]
[BlackTeam "Poland 1"]
[WhiteFideId "24101940"]
[BlackFideId "1188062"]
[EventDate "2014.12.13"]
[EventType "team"]

1. d4 Nf6 2. c4 e6 3. Nf3 d5 4. g3 dxc4 5. Qa4+ Nbd7 6. Qxc4 a6 7. Bg2 b5 8. Qc6
Ra7 9. O-O Bb7 10. Qc2 c5 11. Be3 Nd5 12. Bg5 Qa8 13. Nc3 h6 14. Nxd5 Bxd5 15.
Be3 c4 16. Ne1 Be7 17. Bd2 Nf6 18. f3 O-O 19. e4 Bc6 20. Be3 Rd7 21. a3 Bd8 22.
Qe2 Bb6 23. Nc2 Rfd8 24. Rad1 Bb7 25. Kh1 Re7 26. g4 Nd7 27. g5 hxg5 28. Bxg5 f6
29. Bh4 e5 30. Bh3 exd4 31. Nxd4 Bxd4 32. Rxd4 Ne5 33. Rxd8+ Qxd8 34. Bf5 Bc8
35. Bxc8 Qxc8 36. Qg2 Qc6 37. Be1 Nd3 38. Bc3 Qb6 39. Qg6 a5 40. Qf5 b4 41. Qc8+
Kh7 42. Qh3+ Kg8 43. Qc8+ Kh7 44. Qh3+ Kg8 45. Qc8+ 1/2-1/2

[Event "World Youth U16 Olympiad"]
[Site "Gyor HUN"]
[Date "2014.12.15"]
[Round "4.7"]
[Board "3"]
[White "Janik, Igor"]
[Black "Grinberg, Eyal"]
[Result "1/2-1/2"]
[WhiteElo "2182"]
[BlackElo "2121"]
[WhiteTeam "Poland 1"]
[BlackTeam "Israel"]
[WhiteFideId "1159259"]
[BlackFideId "2806070"]
[EventDate "2014.12.13"]
[EventType "team"]

1. e4 c5 2. Nf3 d6 3. d4 cxd4 4. Nxd4 Nf6 5. Nc3 a6 6. Be3 e5 7. Nb3 Be6 8. h3
Nc6 9. Qd2 Rc8 10. g4 d5 11. exd5 Nxd5 12. Bg2 Bb4 13. O-O Nce7 14. Rad1 O-O 15.
Qc1 Bxc3 16. bxc3 Qc7 17. Nc5 Nxc3 18. Nxe6 fxe6 19. Rde1 Ned5 20. Qb2 b5 21.
Bd2 e4 22. Bxc3 Nxc3 23. Qa3 Qb6 24. Re3 Nd5 25. Rxe4 Rxc2 26. Qg3 Nc3 27. Qe3
Qxe3 28. Rxe3 Ne2+ 29. Kh1 Rxa2 30. Rxe6 Nf4 31. Rb6 Nxg2 32. Kxg2 Rf6 33. Rb7
h6 34. Kg3 Ra3+ 35. f3 Rc3 36. h4 Rcc6 37. g5 Rb6 38. Ra7 Rf7 39. Ra8+ Rf8 40.
Ra7 hxg5 41. hxg5 Rf7 42. Ra8+ Rf8 43. Ra7 Rf7 44. Ra8+ Rf8 45. Ra7 Rg6 46. Kg4
Rb8 47. Rd1 b4 48. f4 b3 49. f5 1/2-1/2

[Event "World Youth U16 Olympiad"]
[Site "Gyor HUN"]
[Date "2014.12.15"]
[Round "4.7"]
[Board "4"]
[White "Kali, Omer"]
[Black "Harazinska, Ewa"]
[Result "0-1"]
[BlackTitle "WFM"]
[WhiteElo "2055"]
[BlackElo "2143"]
[WhiteTeam "Israel"]
[BlackTeam "Poland 1"]
[WhiteFideId "2812436"]
[BlackFideId "1118374"]
[EventDate "2014.12.13"]
[EventType "team"]

1. e4 c5 2. Nf3 d6 3. d4 cxd4 4. Nxd4 Nf6 5. Nc3 a6 6. Be3 e5 7. Nf3 Be7 8. Bc4
O-O 9. O-O Qc7 10. Bb3 Be6 11. Bxe6 fxe6 12. Na4 Nbd7 13. Ng5 Qc6 14. c4 Nxe4
15. Nxe6 Rf6 16. Nc7 Qxc7 17. Qd5+ Rf7 18. Qxe4 Nf6 19. Qd3 Ng4 20. Nb6 Raf8 21.
Nd5 Qd7 22. Rad1 Nxe3 23. Qxe3 Bh4 24. f3 Bd8 25. Qd3 Rf5 26. c5 Qc6 27. cxd6
Qxd6 28. Qb3 Qc5+ 29. Kh1 Kh8 30. Qc3 Bb6 31. Nxb6 Qxb6 32. Rd7 Qh6 33. Qc5 Rg8
34. Rfd1 Rh5 35. h3 e4 36. Qd6 exf3 37. gxf3 Qe3 38. Qg3 Rg5 39. Re1 Qc5 40. Qh2
Qf5 41. Rd2 Qxf3+ 42. Rg2 Rh5 43. h4 Qf6 44. Rg4 Rf5 45. Rg2 Rf4 46. Qg3 Rxh4+
47. Kg1 Qd4+ 48. Qe3 Re8 49. Qxd4 Rxe1+ 50. Kf2 Rxd4 51. Kxe1 h5 0-1

[Event "World Youth U16 Olympiad"]
[Site "Gyor HUN"]
[Date "2014.12.15"]
[Round "4.8"]
[Board "1"]
[White "Zhou, Jiangnan"]
[Black "Donchenko, Alexander"]
[Result "0-1"]
[BlackTitle "IM"]
[WhiteElo "2100"]
[BlackElo "2523"]
[WhiteTeam "China"]
[BlackTeam "Germany"]
[WhiteFideId "8609918"]
[BlackFideId "24603295"]
[EventDate "2014.12.13"]
[EventType "team"]

1. d4 Nf6 2. c4 e6 3. Nc3 Bb4 4. f3 O-O 5. a3 Bxc3+ 6. bxc3 c5 7. e3 Nc6 8. Bd3
b6 9. a4 Ba6 10. Qe2 Qc7 11. Ba3 Rfe8 12. g4 e5 13. d5 e4 14. fxe4 Ne5 15. g5
Nxd3+ 16. Qxd3 Nxe4 17. Nf3 Nd6 18. Nd2 Nxc4 19. Nxc4 Qf4 20. O-O-O Qh4 21. Rde1
Bxc4 22. Qf5 Re4 23. Rhg1 g6 24. Qxd7 Qf2 25. Qh3 Qa2 26. Bb2 Bd3 0-1

[Event "World Youth U16 Olympiad"]
[Site "Gyor HUN"]
[Date "2014.12.15"]
[Round "4.8"]
[Board "2"]
[White "Perske, Thore"]
[Black "Dai, Changren"]
[Result "1-0"]
[WhiteElo "2402"]
[BlackElo "2301"]
[WhiteTeam "Germany"]
[BlackTeam "China"]
[WhiteFideId "12902195"]
[BlackFideId "8608156"]
[EventDate "2014.12.13"]
[EventType "team"]

1. e4 c5 2. Nf3 d6 3. d4 cxd4 4. Nxd4 Nf6 5. Nc3 g6 6. Be3 Bg7 7. f3 Nc6 8. Qd2
O-O 9. Bc4 Bd7 10. Bb3 Na5 11. h4 h5 12. Bh6 Nxb3 13. axb3 Bxh6 14. Qxh6 e5 15.
Nde2 b5 16. Ng3 b4 17. Nd5 Nh7 18. Nxb4 Be6 19. Qd2 a5 20. Nd5 Kg7 21. Ne2 Bxd5
22. exd5 Nf6 23. Nc3 Qb6 24. Qf2 Qb7 25. Qd2 Qb6 26. Ra4 Rfc8 27. g4 Rc7 28. g5
Ng8 29. Qf2 Qa6 30. f4 Ne7 31. fxe5 Nf5 32. Kd2 dxe5 33. Re1 Qd6 34. Kc1 Rb8 35.
Rxa5 Rb4 36. Ra4 Rxa4 37. bxa4 Rb7 38. Re4 Nd4 39. Rxd4 exd4 40. Qxd4+ Kh7 41.
Nb5 Qg3 42. b3 Qg4 43. Qf2 Kg8 44. Kb2 Rd7 45. d6 f5 46. gxf6 g5 47. Qe3 gxh4
48. Qe8+ Kh7 49. Ka3 Qf5 50. Nd4 Qc5+ 51. Ka2 Qxd6 52. Qxh5+ Kg8 53. Qe8+ Kh7
54. f7 Rd8 55. Qe4+ Qg6 56. Qxh4+ 1-0

[Event "World Youth U16 Olympiad"]
[Site "Gyor HUN"]
[Date "2014.12.15"]
[Round "4.8"]
[Board "3"]
[White "Xu, Yi"]
[Black "Vogel, Roven"]
[Result "1/2-1/2"]
[WhiteTitle "FM"]
[WhiteElo "2360"]
[BlackElo "2401"]
[WhiteTeam "China"]
[BlackTeam "Germany"]
[WhiteFideId "8605564"]
[BlackFideId "12908088"]
[EventDate "2014.12.13"]
[EventType "team"]

1. e4 c6 2. d4 d5 3. e5 Bf5 4. Be3 e6 5. Nd2 Nd7 6. Ngf3 Ne7 7. Be2 Bg6 8. Nh4
c5 9. c3 Nc6 10. Nxg6 hxg6 11. Nf3 Qb6 12. O-O cxd4 13. cxd4 Be7 14. Rb1 a5 15.
g3 Rc8 16. h4 Ndb8 17. a3 Na6 18. Kg2 Nc7 19. Qa4 Kd7 20. Rfc1 Qa7 21. Rc3 Rb8
22. Rbc1 Qb6 23. Rb3 Qa7 24. Rbc3 Qb6 25. Rb3 Qa7 26. Rbc3 Qb6 1/2-1/2

[Event "World Youth U16 Olympiad"]
[Site "Gyor HUN"]
[Date "2014.12.15"]
[Round "4.8"]
[Board "4"]
[White "Sieber, Fiona"]
[Black "Zhang, Jiabao"]
[Result "0-1"]
[WhiteElo "2019"]
[BlackElo "2089"]
[WhiteTeam "Germany"]
[BlackTeam "China"]
[WhiteFideId "12902373"]
[BlackFideId "8606560"]
[EventDate "2014.12.13"]
[EventType "team"]

1. e4 c5 2. Nf3 Nc6 3. Nc3 d6 4. d4 cxd4 5. Nxd4 Nf6 6. Bg5 e6 7. Qd2 a6 8.
O-O-O Bd7 9. f3 Be7 10. h4 h6 11. Be3 h5 12. Bg5 Rc8 13. Kb1 b5 14. Nxc6 Rxc6
15. Ne2 e5 16. Bxf6 Bxf6 17. g3 Qc8 18. Bg2 O-O 19. Nc3 Be6 20. Nd5 Bxd5 21.
exd5 Rc4 22. Bh3 Qc5 23. Qe2 e4 24. c3 b4 25. Qc2 exf3 26. Bf1 Rg4 27. c4 Rxg3
28. Rh2 Re8 29. Qf5 Qe3 30. Bd3 Rg1 31. Bf1 g6 32. Qc2 Bd4 33. Rhd2 Bc5 34. Qa4
Re5 35. Qc2 f2 36. Rc1 Qg3 37. Re2 Rxe2 38. Qxe2 Qxh4 39. Ka1 Qf4 40. Kb1 h4 0-1

[Event "World Youth U16 Olympiad"]
[Site "Gyor HUN"]
[Date "2014.12.15"]
[Round "4.9"]
[Board "1"]
[White "Radovic, Luka"]
[Black "Morozov, Nichita"]
[Result "1/2-1/2"]
[BlackTitle "FM"]
[WhiteElo "2352"]
[BlackElo "2307"]
[WhiteTeam "Serbia"]
[BlackTeam "Moldova"]
[WhiteFideId "911569"]
[BlackFideId "13900897"]
[EventDate "2014.12.13"]
[EventType "team"]

1. Nf3 Nf6 2. g3 e6 3. Bg2 Be7 4. O-O O-O 5. d3 d5 6. c4 c5 7. Nc3 Nc6 8. Bd2 b6
9. a3 Bb7 10. cxd5 exd5 11. Qc2 Rc8 12. Rfc1 Qd7 13. Rab1 Nd4 14. Qd1 Nxf3+ 15.
Bxf3 d4 16. Bxb7 Qxb7 17. Na2 Qd5 18. b3 Bd6 19. Rc2 Rfe8 20. Qf1 b5 21. Be1 Qh5
22. Rbc1 h6 23. b4 c4 24. dxc4 Rxc4 25. Rxc4 bxc4 26. f3 Qe5 27. e4 dxe3 28.
Qxc4 Qf5 29. Kg2 h5 30. Qc2 Qg5 31. Qd3 Rd8 32. Rc5 Qh6 33. Rc3 Bc7 34. Qxe3
Qxe3 35. Rxe3 Bb6 36. Re2 Rd3 37. Nc3 h4 38. a4 a6 39. a5 Bd4 40. Rd2 Rxd2+ 41.
Bxd2 hxg3 42. hxg3 Bxc3 43. Bxc3 Nd5 44. Bd2 Kf8 45. Kf2 Ke7 46. Ke2 Kd6 47. Kd3
Kc6 48. Kd4 Ne7 49. Kc4 Nf5 50. Bf4 1/2-1/2

[Event "World Youth U16 Olympiad"]
[Site "Gyor HUN"]
[Date "2014.12.15"]
[Round "4.9"]
[Board "2"]
[White "Abramciuc, Marius"]
[Black "Radovic, Janko"]
[Result "1-0"]
[WhiteElo "2204"]
[BlackElo "2272"]
[WhiteTeam "Moldova"]
[BlackTeam "Serbia"]
[WhiteFideId "13900609"]
[BlackFideId "911518"]
[EventDate "2014.12.13"]
[EventType "team"]

1. e4 Nf6 2. e5 Nd5 3. d4 d6 4. c4 Nb6 5. exd6 exd6 6. Nc3 Be7 7. Nf3 O-O 8. Be2
Bg4 9. O-O Nc6 10. b3 Bf6 11. Be3 Re8 12. Rc1 h6 13. Qd2 d5 14. c5 Nc8 15. h3
Bh5 16. Nh2 Bxe2 17. Nxe2 N8e7 18. Ng4 Nf5 19. Qd3 Nxe3 20. Nxf6+ Qxf6 21. fxe3
Qg5 22. Rf3 Re4 23. Rg3 Qh4 24. Rf1 Rae8 25. Kh2 Ne7 26. Nc3 Re6 27. Nb5 Nc6 28.
Qf5 Rxe3 29. Qxf7+ 1-0

[Event "World Youth U16 Olympiad"]
[Site "Gyor HUN"]
[Date "2014.12.15"]
[Round "4.9"]
[Board "3"]
[White "Djordjevic, Vuk"]
[Black "Macovei, Andrei"]
[Result "0-1"]
[WhiteElo "2291"]
[BlackElo "2168"]
[WhiteTeam "Serbia"]
[BlackTeam "Moldova"]
[WhiteFideId "902098"]
[BlackFideId "13904680"]
[EventDate "2014.12.13"]
[EventType "team"]

1. e4 c5 2. Nf3 Nc6 3. Bb5 e6 4. O-O Nge7 5. c3 a6 6. Ba4 b5 7. Bc2 Bb7 8. Qe2
Rc8 9. Re1 Ng6 10. e5 Be7 11. Be4 O-O 12. d4 cxd4 13. cxd4 d6 14. exd6 Qxd6 15.
Be3 Nf4 16. Qd2 Nd5 17. Bxd5 Qxd5 18. Nc3 Qh5 19. d5 Rcd8 20. Bb6 Rd7 21. Rad1
b4 22. Ne2 Rxd5 23. Qe3 Rxd1 24. Rxd1 Bf6 25. b3 Ne7 26. Ng3 Qb5 27. Qc5 Bxf3
28. gxf3 Nd5 29. Qxb5 axb5 30. Bc5 Rc8 31. Bd6 Rc6 32. Ne4 Bc3 33. a4 bxa4 34.
bxa4 f5 35. Nxc3 bxc3 36. Ba3 c2 37. Ra1 Ra6 38. Bc1 Nb6 39. a5 Nc4 40. Ra2 Nxa5
41. Be3 e5 42. Rxc2 Rc6 43. Rxc6 Nxc6 44. f4 e4 45. Bc5 Kf7 46. Kg2 Ne7 47. Kg3
Nd5 48. Bd4 Nf6 49. Kh4 Kg6 50. h3 Nd5 51. Be5 Nb4 52. Kg3 Nd3 53. Bd4 Ne1 54.
Bc3 Nf3 55. Kg2 Kh6 56. Kf1 g6 57. Bf6 Kh5 58. Kg2 h6 59. Kg3 g5 60. fxg5 hxg5
61. Bd8 Nd4 62. Kg2 Kh4 63. Ba5 Ne2 64. f3 Nf4+ 65. Kh2 exf3 66. Be1+ Kh5 67.
Kg3 Nd3 68. Ba5 f2 69. Kg2 Kh4 70. Bd8 Nf4+ 71. Kxf2 Nxh3+ 72. Kf3 Nf4 73. Be7
Ne6 74. Bf6 Kh5 75. Be7 Nc7 76. Bf6 Nd5 77. Bd8 g4+ 78. Kg3 f4+ 79. Kf2 Kg6 80.
Ba5 Kf5 81. Bd8 Nb4 82. Bh4 Nd3+ 83. Kg2 Ke4 84. Bd8 Ke3 85. Kf1 Kf3 86. Bb6 Ne5
87. Bd4 Nc4 88. Bc5 Ne3+ 89. Ke1 g3 90. Bb4 Nc2+ 91. Kf1 Nxb4 92. Kg1 Kg4 93.
Kf1 f3 94. Kg1 Nd5 95. Kh1 f2 96. Kg2 Ne3+ 97. Kh1 f1=Q# 0-1

[Event "World Youth U16 Olympiad"]
[Site "Gyor HUN"]
[Date "2014.12.15"]
[Round "4.9"]
[Board "4"]
[White "Chetrari, Nikita"]
[Black "Ivic, Velimir"]
[Result "1-0"]
[WhiteElo "2117"]
[BlackElo "2176"]
[WhiteTeam "Moldova"]
[BlackTeam "Serbia"]
[WhiteFideId "13904647"]
[BlackFideId "950122"]
[EventDate "2014.12.13"]
[EventType "team"]

1. e4 c5 2. Nf3 e6 3. d4 cxd4 4. Nxd4 Nc6 5. Nc3 d6 6. Be3 Nf6 7. f3 Be7 8. Qd2
O-O 9. O-O-O a6 10. g4 Nxd4 11. Bxd4 Nd7 12. Kb1 b5 13. h4 b4 14. Na4 Qa5 15. b3
Nc5 16. Nxc5 dxc5 17. Bb2 Qc7 18. Bc4 Rd8 19. Qe3 Bb7 20. Rdg1 Qd6 21. Rg2 Bc6
22. g5 Bb5 23. h5 Bxc4 24. g6 fxg6 25. hxg6 h6 26. bxc4 e5 27. Rxh6 Qd1+ 28. Bc1
Qd4 29. Rgh2 1-0

[Event "World Youth U16 Olympiad"]
[Site "Gyor HUN"]
[Date "2014.12.15"]
[Round "4.10"]
[Board "1"]
[White "Markoja, Boris"]
[Black "Marek, Matyas"]
[Result "1/2-1/2"]
[WhiteTitle "FM"]
[BlackTitle "FM"]
[WhiteElo "2335"]
[BlackElo "2348"]
[WhiteTeam "Slovenia"]
[BlackTeam "Czech Republic"]
[WhiteFideId "14608502"]
[BlackFideId "335398"]
[EventDate "2014.12.13"]
[EventType "team"]

1. c4 g6 2. g3 Bg7 3. Bg2 c5 4. Nc3 Nc6 5. Nf3 Nh6 6. O-O Nf5 7. a3 Rb8 8. b4 b6
9. Rb1 Bb7 10. bxc5 bxc5 11. Na4 Na5 12. Nxc5 Bxf3 13. Rxb8 Qxb8 14. Bxf3 Qc8
15. Nb3 Nxc4 16. d3 Ne5 17. Bg2 O-O 18. e4 Nd6 19. d4 Nec4 20. Qd3 Nb6 21. Bd2
Qc4 22. Qxc4 Ndxc4 23. Bb4 d6 24. Rc1 a5 25. Nxa5 Nxa5 26. Bxa5 Bxd4 27. Rc6 Rb8
28. Bh3 Bc5 29. Bxb6 Bxb6 30. Rc8+ Rxc8 31. Bxc8 Kf8 32. Kg2 e6 33. f3 Ke7 34.
Kh3 Kf6 35. f4 g5 36. Kg4 gxf4 37. Kxf4 Ba5 38. a4 Bd2+ 39. Kf3 Ke5 40. Ke2 Ba5
41. Kd3 d5 42. exd5 exd5 43. Ke3 f5 44. Kf3 Bd2 45. Ba6 Ba5 46. Bd3 Bd8 47. Bc2
Ba5 48. h3 h6 49. Bd3 Be1 50. Bc2 1/2-1/2

[Event "World Youth U16 Olympiad"]
[Site "Gyor HUN"]
[Date "2014.12.15"]
[Round "4.10"]
[Board "2"]
[White "Pulpan, Jakub"]
[Black "Cretnik, Urban"]
[Result "1-0"]
[WhiteTitle "FM"]
[WhiteElo "2264"]
[BlackElo "2214"]
[WhiteTeam "Czech Republic"]
[BlackTeam "Slovenia"]
[WhiteFideId "302759"]
[BlackFideId "14608480"]
[EventDate "2014.12.13"]
[EventType "team"]

1. d4 d5 2. c4 c6 3. Nf3 Nf6 4. e3 e6 5. Nc3 Nbd7 6. Bd3 Bd6 7. O-O dxc4 8. Bxc4
b5 9. Bd3 O-O 10. e4 e5 11. dxe5 Nxe5 12. Nxe5 Bxe5 13. Qe2 Qd6 14. h3 b4 15.
Na4 Rd8 16. Bc4 Qd4 17. Bg5 Re8 18. Rfe1 Bc7 19. Rad1 Qe5 20. f4 Qa5 21. Qc2 Be6
22. b3 Nh5 23. Bxe6 Rxe6 24. f5 Ree8 25. Nc5 Bb6 26. Be3 Ng3 27. Bf2 Bxc5 28.
Qxc5 Qxc5 29. Bxc5 a5 30. Rd6 Rac8 31. Bb6 Rxe4 32. Rxe4 Nxe4 33. Rd4 Nc3 34.
Rc4 Nxa2 35. Bxa5 c5 36. Bb6 h5 37. Bxc5 Rd8 38. Bxb4 Rd3 39. Be1 Rxb3 40. Rc2
Nb4 41. Rc8+ Kh7 42. Rb8 Rb1 43. Kf1 Rxe1+ 44. Kxe1 Nc2+ 45. Kf2 Nd4 46. g4 hxg4
47. hxg4 g6 48. Rb6 gxf5 49. Ke3 Nc2+ 50. Kd3 Ne1+ 51. Ke2 Nc2 52. Rb2 Na3 53.
gxf5 Kh6 54. Kd3 Kg5 55. Rb3 1-0

[Event "World Youth U16 Olympiad"]
[Site "Gyor HUN"]
[Date "2014.12.15"]
[Round "4.10"]
[Board "3"]
[White "Bratkovic, Jakob"]
[Black "Kula, Dominik"]
[Result "1-0"]
[WhiteElo "2158"]
[BlackElo "2018"]
[WhiteTeam "Slovenia"]
[BlackTeam "Czech Republic"]
[WhiteFideId "14608634"]
[BlackFideId "344338"]
[EventDate "2014.12.13"]
[EventType "team"]

1. e4 c5 2. Nf3 d6 3. d4 cxd4 4. Nxd4 Nf6 5. Nc3 a6 6. Be3 e5 7. Nb3 Be6 8. f4
exf4 9. Bxf4 Nc6 10. Qe2 Be7 11. h3 Nd7 12. O-O-O Nce5 13. Nd5 Bxd5 14. exd5 Rc8
15. Kb1 O-O 16. g4 Re8 17. Qd2 Bf6 18. g5 Nf3 19. Qg2 Nxg5 20. Bd3 h5 21. Rhg1
Nh7 22. Bh6 g5 23. Qf3 Re5 24. Qxh5 Ndf8 25. h4 Qe8 26. Bxh7+ Nxh7 27. hxg5 Bh8
28. Rdf1 Nf8 29. Bxf8 Qxf8 30. Qh3 Qe8 31. Rh1 Bg7 32. g6 Rc7 33. Nd4 Rxd5 34.
Nf5 Qe5 35. Nxg7 Kxg7 36. Qh7+ Kf8 37. Rxf7+ 1-0

[Event "World Youth U16 Olympiad"]
[Site "Gyor HUN"]
[Date "2014.12.15"]
[Round "4.10"]
[Board "4"]
[White "Nova, Michaela"]
[Black "Hrescak, Ivana"]
[Result "1-0"]
[WhiteElo "2015"]
[BlackElo "2039"]
[WhiteTeam "Czech Republic"]
[BlackTeam "Slovenia"]
[WhiteFideId "368466"]
[BlackFideId "14613441"]
[EventDate "2014.12.13"]
[EventType "team"]

1. e4 c5 2. Nf3 d6 3. c4 Nf6 4. Nc3 g6 5. Be2 Bg7 6. d4 cxd4 7. Nxd4 O-O 8. Be3
Nc6 9. O-O Nd7 10. Qd2 Nde5 11. Rac1 Ng4 12. Bxg4 Bxg4 13. f3 Bd7 14. Rfd1 Ne5
15. b3 f5 16. exf5 gxf5 17. Nde2 Bc6 18. Nd5 Qd7 19. Bg5 Rae8 20. Nef4 e6 21. a4
b6 22. Nc3 Bxf3 23. Rf1 Bc6 24. Nh5 Rf7 25. Rcd1 d5 26. cxd5 exd5 27. Nxd5 Bxd5
28. Qxd5 Qxd5 29. Rxd5 Bh8 30. Rfd1 Rff8 31. Bh6 Rf7 32. Rd8 Re7 33. Bg5 Re6 34.
Nf4 Nf7 35. Nxe6 Nxd8 36. Nxd8 Re2 37. Nc6 Bc3 38. Nxa7 Bb4 39. Kf1 Rb2 40. Rd3
Rb1+ 41. Ke2 Re1+ 42. Kf2 Rb1 43. Be3 Be1+ 44. Kf3 Ba5 45. Nc6 Rf1+ 46. Ke2 Re1+
47. Kf2 1-0